000 00226nam a2200085Ia 4500
245 0 _aRedneck Cinderella
100 _a McLane, LuAnn New York, [c.2009]
_970436
942 _cBK
008 210817s9999 xx 000 0 und d
999 _c274480
_d274479